Pays frontalier de la Russie - Statistiques

Statistiques générales
  • Ce quiz a été pris 85 fois
  • Le résultat moyen est 12 sur 14
Statistiques - réponses
Km de frontière avec la Russie Pays % Correct
4 250 km Chine
99%
1 576 km Ukraine
96%
1 340 km Finlande
93%
3 485 km Mongolie
91%
6 846 km Kazakhstan
90%
959 km Biélorussie
89%
280 km Lituanie
89%
232 km Lettonie
88%
294 km Estonie
86%
723 km Géorgie
83%
19 km Corée du Nord
78%
217 km Pologne
75%
284 km Azerbaïdjan
73%
196 km Norvège
65%
Aucun quiz correspondant
Distribution des résultats
% des personnes avec chaque résultat
Percentile par nombre de réponses
Votre historique - résultats
Vous n’avez pas pris ce quiz